000 00405pab a2200145 454500
008 180718b1985 xxu||||| |||| 00| 0 eng d
100 _aHayward, Jack
245 _aSeparate and rule - the emerging judicial power in France (Review Article)
260 _c1985
300 _a104-11
362 _aWinter
650 _aSeparation of Powers - France
773 _aGovernment and Opposition
909 _a18049
999 _c18049
_d18049